000 nam a22 4500
999 _c9104
_d9104
008 180411b ||||| |||| 00| 0 eng d
245 _aLet food be thy medicine.
260 _aPhilippines
_bManila Bulletin
_cc2017
300 _apage 6.
650 0 _927264
_aMedicine.
942 _2ddc
_cPER